[Event "CAN-ch U08"]
[Site "Windsor"]
[Date "2015.07.09"]
[Round "7.130"]
[White "Zhao, Jeffrey R"]
[Black "Duong, Eric"]
[Result "1-0"]
[WhiteElo "785"]
[BlackElo "583"]
[PlyCount "133"]
[EventDate "2015.07.06"]
[EventType "swiss"]
[EventRounds "7"]
[EventCountry "CAN"]
[SourceTitle "EXT 2022"]
[Source "ChessBase"]
[SourceDate "2021.10.06"]
[SourceVersion "1"]
[SourceVersionDate "2021.10.06"]
[SourceQuality "1"]

1. e4 c5 2. Nf3 Nc6 3. d4 cxd4 4. Nxd4 Nxd4 5. Qxd4 Qb6 6. Qd1 e5 7. Nc3 Nf6 8. Bc4 Bb4 9. Bd2 d6 10. f3 0-0 11. a3 Bxc3 12. Bxc3 Bd7 13. Qe2 h6 14. f4 Rfe8 15. f5 a6 16. 0-0-0 Bb5 17. Bxb5 Qxb5 18. Qf3 Qc4 19. Rde1 Red8 20. g4 d5 21. exd5 Rxd5 22. Rxe5 Qa2 23. Rxd5 Qxd5 24. Qxd5 Nxd5 25. Bd2 g6 26. Bxh6 Re8 27. fxg6 fxg6 28. Rd1 b5 29. Rxd5 Re1+ 30. Kd2 Rh1 31. Bf4 Kf7 32. Kd3 Rd1+ 33. Ke4 Re1+ 34. Be3 Rh1 35. Bf4 Re1+ 36. Kd4 Rd1+ 37. Kc5 Rf1 38. Rd4 Kf6 39. Kb6 g5 40. Bg3 Rb1 41. Kxa6 Rxb2 42. Rb4 Rxc2 43. Kxb5 Ra2 44. a4 Rd2 45. a5 Rd5+ 46. Ka4 Rd2 47. a6 Ra2+ 48. Kb5 Ke7 49. Kb6 Kd7 50. Kb7 Rxa6 51. Kxa6 Ke6 52. Kb5 Kd5 53. Rc4 Ke6 54. Rc5 Kf6 55. Kc6 Ke6 56. Rd5 Ke7 57. Rd6 Kf7 58. Kd7 Kg7 59. Re6 Kf7 60. Kd6 Kg7 61. Ke5 Kf7 62. Kf5 Kg7 63. Rf6 Kh7 64. Kxg5 Kh8 65. Kg6 Kg8 66. Rf7 Kh8 67. Rf8# 1-0

[Event "CAN-ch U08"]
[Site "Windsor"]
[Date "2015.07.08"]
[Round "5.131"]
[White "Duong, Eric"]
[Black "Zhu, Matthew"]
[Result "0-1"]
[WhiteElo "583"]
[BlackElo "917"]
[PlyCount "104"]
[EventDate "2015.07.06"]
[EventType "swiss"]
[EventRounds "7"]
[EventCountry "CAN"]
[SourceTitle "EXT 2022"]
[Source "ChessBase"]
[SourceDate "2021.10.06"]
[SourceVersion "1"]
[SourceVersionDate "2021.10.06"]
[SourceQuality "1"]

1. e4 c5 2. Nf3 Nc6 3. Bb5 d6 4. Bxc6+ bxc6 5. Nc3 Bg4 6. b3 Nf6 7. Bb2 d5 8. e5 d4 9. exf6 dxc3 10. fxg7 Bxg7 11. Bxc3 Bxc3 12. dxc3 Qxd1+ 13. Rxd1 0-0 14. Rd3 Bf5 15. Rd2 e5 16. Nxe5 Rfe8 17. f4 f6 18. Re2 fxe5 19. Rxe5 Rxe5+ 20. fxe5 Bxc2 21. Kd2 Be4 22. Rg1 Re8 23. b4 cxb4 24. cxb4 Rxe5 25. Ke3 Bg6+ 26. Kd4 Re4+ 27. Kc5 Bf7 28. Rd1 Bd5 29. a3 Rc4+ 30. Kd6 Bxg2 31. Re1 Re4 32. Rd1 Rh4 33. Re1 Re4 34. Rg1 Rg4 35. Re1 Be4 36. Ke5 Bc2 37. Rf1 Rg2 38. Kf6 Rg7 39. Re1 Rf7+ 40. Kg5 Rf5+ 41. Kh6 Rf6+ 42. Kg5 Rg6+ 43. Kf4 Rf6+ 44. Kg5 Kf7 45. Rc1 Ba4 46. h4 h6+ 47. Kg4 Rd6 48. Rf1+ Rf6 49. Rxf6+ Kxf6 50. Kf4 Kg6 51. Kg4 Bd1+ 52. Kh3 Kh5 0-1